Cantos

Kaydedildi:
Detaylı Bibliyografya
Yazar: Leopardi
Materyal Türü: Kitap
Dil:Undetermined
Baskı/Yayın Bilgisi: Barcelona, España José Janés 1951
Konular:
Etiketler: Etiketle
Etiket eklenmemiş, İlk siz ekleyin!

MARC

LEADER 00000nam a2200000Ia 4500
008 170316s9999 xx 000 0 und d
999 |c 8162  |d 8162 
040 |a cru BVZT 
090 |a 850 L-4c 
100 |a Leopardi 
245 |a Cantos  |c / Leopardi 
260 |a Barcelona, España  |b José Janés  |c 1951 
300 |a 316 páginas 
650 |a LITERATURA ITALIANA  |9 212 
942 |c 15 D  |h 850 L-4c  |2 z